[Event "7. Abierto Int. Carlos I Silgar 2015"]
[Site "Sanxenxo ESP"]
[Date "2015.06.20"]
[Round "1.1"]
[White "Dominguez Fernandez, Angel I"]
[Black "Arribas Lopez, Angel"]
[Result "0-1"]
[WhiteElo "1968"]
[BlackElo "2537"]
[PlyCount "140"]
[EventDate "2015.06.20"]
[EventType "swiss"]
[EventRounds "9"]
[EventCountry "ESP"]
[SourceTitle "Ajedrez en Madrid"]
[Source "lmi"]
[SourceDate "2015.06.20"]

1. e4 c5 2. Nc3 a6 3. g3 b5 4. Bg2 Bb7 5. d3 e6 6. Nh3 b4 7. Ne2 d5 8. O-O dxe4
9. dxe4 Qxd1 10. Rxd1 Nd7 11. a3 Ngf6 12. f3 a5 13. b3 c4 14. axb4 Bxb4 15. Ba3
cxb3 16. cxb3 Ke7 17. Bxb4+ axb4 18. Rxa8 Rxa8 19. Rd4 Ra2 20. Kf2 Ne5 21. Nhf4
Ba6 22. Rxb4 g5 23. Ra4 Rxa4 24. bxa4 gxf4 25. Nxf4 Nfd7 26. h4 Nc5 27. a5 Nb3
28. Bh3 Nxa5 29. g4 Nd3+ 30. Kg3 Nxf4 31. Kxf4 Nc6 32. Kg5 e5 33. f4 f6+ 34.
Kh6 exf4 35. Kxh7 Bd3 36. Bg2 Ne5 37. g5 f3 38. Bxf3 Nxf3 39. gxf6+ Kf7 40. Kh6
Bxe4 41. h5 Bd5 42. Kh7 Be6 43. Kh6 Bg4 44. Kh7 Bxh5 45. Kh6 Bg4 46. Kh7 Ng5+
47. Kh6 Ne6 48. Kh7 Kxf6 49. Kh6 Bf3 50. Kh7 Kg5 51. Kh8 Kg6 52. Kg8 Be4 53.
Kh8 Kf6 54. Kg8 Bf5 55. Kh8 Nd8 56. Kg8 Nf7 57. Kf8 Bh7 58. Ke8 Ne5 59. Kf8
Nd7+ 60. Ke8 Ke6 61. Kd8 Kd6 62. Ke8 Bg6+ 63. Kd8 Bf7 64. Kc8 Nc5 65. Kb8 Kc6
66. Kc8 Nb7 67. Kb8 Kb6 68. Kc8 Be6+ 69. Kb8 Bd7 70. Ka8 Nc5 0-1

[Event "7. Abierto Int. Carlos I Silgar 2015"]
[Site "Sanxenxo ESP"]
[Date "2015.06.20"]
[Round "1.2"]
[White "Strikovic, Aleksa"]
[Black "Bouza-Brey Teijeiro, Gonzalo"]
[Result "1-0"]
[WhiteElo "2506"]
[BlackElo "1965"]
[PlyCount "63"]
[EventDate "2015.06.20"]
[EventType "swiss"]
[EventRounds "9"]
[EventCountry "ESP"]
[SourceTitle "Ajedrez en Madrid"]
[Source "lmi"]
[SourceDate "2015.06.20"]

1. c4 g6 2. d4 Nf6 3. Nc3 Bg7 4. g3 d6 5. Nf3 O-O 6. Bg2 Nbd7 7. O-O e5 8. e4
exd4 9. Nxd4 Re8 10. h3 a6 11. Be3 Rb8 12. a4 Ne5 13. b3 c5 14. Nde2 Nc6 15.
Qd2 Na5 16. Rab1 b5 17. axb5 axb5 18. cxb5 Be6 19. Qc2 Bd7 20. Rfd1 Qc8 21. Nf4
g5 22. Nfd5 Nxd5 23. Nxd5 h6 24. b4 Nb7 25. Nb6 Qc7 26. Nxd7 Qxd7 27. bxc5 Rec8
28. c6 Qe7 29. Qd2 Nd8 30. Qd5 Be5 31. Rdc1 Ne6 32. b6 1-0

[Event "7. Abierto Int. Carlos I Silgar 2015"]
[Site "Sanxenxo ESP"]
[Date "2015.06.20"]
[Round "1.3"]
[White "Martinez Fernandez, Raul"]
[Black "Movsziszian, Karen"]
[Result "0-1"]
[WhiteElo "1955"]
[BlackElo "2483"]
[PlyCount "62"]
[EventDate "2015.06.20"]
[EventType "swiss"]
[EventRounds "9"]
[EventCountry "ESP"]
[SourceTitle "Ajedrez en Madrid"]
[Source "lmi"]
[SourceDate "2015.06.20"]

1. e4 d6 2. d4 g6 3. Nc3 Bg7 4. Nf3 a6 5. Be3 b5 6. Bd3 Nd7 7. e5 Bb7 8. e6
fxe6 9. h4 Ngf6 10. h5 gxh5 11. Ng5 Nf8 12. Nce4 Bxe4 13. Nxe4 Kd7 14. Ng3 c6
15. Nxh5 Nxh5 16. Qxh5 d5 17. Qg4 Bf6 18. O-O-O Qe8 19. Rde1 Qf7 20. Qf3 Ng6
21. g4 Qg8 22. g5 Bg7 23. Qh3 c5 24. dxc5 Ne5 25. Bxh7 Qf7 26. f4 Nc4 27. c3
Kc6 28. b3 Nxe3 29. Qxe3 Raf8 30. Kb1 a5 31. g6 Qf6 0-1

[Event "7. Abierto Int. Carlos I Silgar 2015"]
[Site "Sanxenxo ESP"]
[Date "2015.06.20"]
[Round "1.4"]
[White "Hoffman, Alejandro"]
[Black "Fernandez Getino, Oscar"]
[Result "1-0"]
[WhiteElo "2456"]
[BlackElo "1944"]
[PlyCount "47"]
[EventDate "2015.06.20"]
[EventType "swiss"]
[EventRounds "9"]
[EventCountry "ESP"]
[SourceTitle "Ajedrez en Madrid"]
[Source "lmi"]
[SourceDate "2015.06.20"]

1. d4 Nf6 2. Nf3 d5 3. c4 e6 4. e3 Be7 5. Nc3 O-O 6. Bd3 dxc4 7. Bxc4 c5 8. O-O
Nc6 9. a3 a6 10. Bd3 Kh8 11. dxc5 Bxc5 12. b4 Be7 13. Bb2 e5 14. h3 Be6 15. Ng5
Bb3 16. Qxb3 Qxd3 17. Nxf7+ Rxf7 18. Qxf7 Qc2 19. Qa2 Qf5 20. Rad1 e4 21. Ne2
Qh5 22. Ng3 Qb5 23. Bxf6 Bxf6 24. Nxe4 1-0

[Event "7. Abierto Int. Carlos I Silgar 2015"]
[Site "Sanxenxo ESP"]
[Date "2015.06.20"]
[Round "1.5"]
[White "Sardina Paramo, Juan Antonio"]
[Black "Larino Nieto, David"]
[Result "1/2-1/2"]
[WhiteElo "1907"]
[BlackElo "2451"]
[PlyCount "151"]
[EventDate "2015.06.20"]
[EventType "swiss"]
[EventRounds "9"]
[EventCountry "ESP"]
[SourceTitle "Ajedrez en Madrid"]
[Source "lmi"]
[SourceDate "2015.06.20"]

1. e4 c6 2. d4 d5 3. exd5 cxd5 4. c4 Nf6 5. c5 Nc6 6. Bb5 Qa5+ 7. Nc3 Ne4 8.
Qa4 Qxa4 9. Bxa4 Nxc3 10. bxc3 Bf5 11. Nf3 f6 12. O-O Bd3 13. Re1 Kd7 14. Bf4
b5 15. Bb3 e6 16. Re3 Bf5 17. Rae1 g5 18. Bg3 h5 19. h4 g4 20. Nh2 a5 21. a3 a4
22. Ba2 Na5 23. R3e2 Rh7 24. Nf1 Ra6 25. Ne3 Bd3 26. Rb2 Bh6 27. Rd1 Bc4 28.
Nxc4 bxc4 29. Rb4 Kc6 30. Rxa4 Rha7 31. Rb1 Bd2 32. Rxa5 Rxa5 33. Rb6+ Kd7 34.
c6+ Ke7 35. Rb7+ Ke8 36. Bd6 Bxc3 37. Bb1 f5 38. Rb8+ Kf7 39. c7 Rxc7 40. Bxc7
Rxa3 41. Be5 Ra1 42. Kh2 Bd2 43. g3 Bh6 44. Kg2 Ra7 45. Kf1 Bg7 46. Bxg7 Kxg7
47. Ke2 Ra3 48. Bc2 Rc3 49. Ba4 Rd3 50. Rb6 Rxd4 51. Rxe6 c3 52. Bb3 Rd2+ 53.
Ke1 d4 54. Re2 Rd3 55. Bc2 Rf3 56. Bd1 f4 57. Re7+ Kf6 58. Bxf3 fxg3 59. Rc7
gxf3 60. fxg3 Kf5 61. Kf2 Ke4 62. g4 hxg4 63. h5 Kf4 64. h6 g3+ 65. Kf1 d3 66.
Rc4+ Ke3 67. Rxc3 g2+ 68. Kg1 Ke2 69. Rc1 d2 70. Ra1 d1=Q+ 71. Rxd1 Kxd1 72.
Kf2 g1=Q+ 73. Kxg1 Ke2 74. h7 f2+ 75. Kh2 f1=Q 76. h8=Q 1/2-1/2

[Event "7. Abierto Int. Carlos I Silgar 2015"]
[Site "Sanxenxo ESP"]
[Date "2015.06.20"]
[Round "1.6"]
[White "Kantans, Toms"]
[Black "Puga Sanchez, Miguel"]
[Result "1-0"]
[WhiteElo "2451"]
[BlackElo "1904"]
[PlyCount "55"]
[EventDate "2015.06.20"]
[EventType "swiss"]
[EventRounds "9"]
[EventCountry "ESP"]
[SourceTitle "Ajedrez en Madrid"]
[Source "lmi"]
[SourceDate "2015.06.20"]

1. e4 e5 2. Nf3 Nc6 3. d4 exd4 4. Nxd4 Nf6 5. Nxc6 bxc6 6. e5 Qe7 7. Qe2 Nd5 8.
c4 Ba6 9. Nd2 Nb6 10. b3 O-O-O 11. Bb2 d5 12. exd6 Qxe2+ 13. Bxe2 cxd6 14.
O-O-O d5 15. Rhe1 dxc4 16. Nxc4 Nxc4 17. Rxd8+ Kxd8 18. Rd1+ Kc7 19. bxc4 f6
20. Bd4 Ba3+ 21. Kc2 Rb8 22. g4 Rb4 23. Bc3 Rb8 24. Ba5+ Kc8 25. Rd8+ Kb7 26.
Rd7+ Ka8 27. Bf3 Rc8 28. Bc7 1-0

[Event "7. Abierto Int. Carlos I Silgar 2015"]
[Site "Sanxenxo ESP"]
[Date "2015.06.20"]
[Round "1.7"]
[White "Peleman, Tony"]
[Black "Suarez Gomez, Julio"]
[Result "0-1"]
[WhiteElo "1902"]
[BlackElo "2400"]
[PlyCount "100"]
[EventDate "2015.06.20"]
[EventType "swiss"]
[EventRounds "9"]
[EventCountry "ESP"]
[SourceTitle "Ajedrez en Madrid"]
[Source "lmi"]
[SourceDate "2015.06.20"]

1. e4 e6 2. d4 d5 3. Nd2 a6 4. Bd3 c5 5. dxc5 Bxc5 6. Ngf3 Nf6 7. O-O Nc6 8.
exd5 Qxd5 9. Nb3 Ba7 10. Qe2 Bd7 11. Bd2 h6 12. Rad1 Qh5 13. Bc3 Nd5 14. Qd2
Rd8 15. Rfe1 Nxc3 16. Qxc3 O-O 17. Re4 f5 18. Re2 e5 19. Red2 Qe8 20. Bc4+ Kh8
21. Bd5 Rc8 22. Bxc6 Bxc6 23. Qxe5 Qh5 24. Nbd4 Bb8 25. Qa5 Be4 26. Re2 Bc7 27.
Qa3 Rfd8 28. h3 Rd6 29. Kf1 Rcd8 30. Red2 Bb6 31. Qc3 Qf7 32. a3 Qf6 33. Ne2
Rxd2 34. Rxd2 Qxc3 35. Rxd8+ Bxd8 36. Nxc3 Bxc2 37. Ke2 Bf6 38. Ne1 Bb3 39. Kd3
b5 40. Nc2 Bc4+ 41. Kd2 f4 42. g3 Be5 43. gxf4 Bxf4+ 44. Ne3 g5 45. Ke1 Be6 46.
Ncd5 Be5 47. Ng4 Bxb2 48. Nc7 Bxg4 49. hxg4 Bxa3 50. Nxa6 Bd6 0-1

[Event "7. Abierto Int. Carlos I Silgar 2015"]
[Site "Sanxenxo ESP"]
[Date "2015.06.20"]
[Round "1.8"]
[White "Fernandez Borrego, Pablo"]
[Black "Serrano Martinez, Francisco Jo"]
[Result "1-0"]
[WhiteElo "2378"]
[BlackElo "1886"]
[PlyCount "67"]
[EventDate "2015.06.20"]
[EventType "swiss"]
[EventRounds "9"]
[EventCountry "ESP"]
[SourceTitle "Ajedrez en Madrid"]
[Source "lmi"]
[SourceDate "2015.06.20"]

1. c4 Nf6 2. Nc3 c5 3. Nf3 Nc6 4. e3 g6 5. d4 cxd4 6. exd4 d5 7. Ne5 Bg7 8. Qa4
Bd7 9. Nxd7 Qxd7 10. Be3 O-O 11. Rd1 a6 12. c5 Ng4 13. Be2 Nxe3 14. fxe3 e6 15.
O-O f5 16. b4 Qc7 17. Qb3 f4 18. b5 axb5 19. Nxb5 Qa5 20. exf4 Qxa2 21. Qe3 Kh8
22. Rd2 Qa4 23. Rfd1 Qb4 24. g3 Ra5 25. Nd6 Ra3 26. Qxe6 Nxd4 27. Qxd5 Nxe2+
28. Rxe2 Qb3 29. Qxb3 Rxb3 30. Re7 Rc3 31. Nf7+ Kg8 32. Rdd7 Rxc5 33. Ng5 Bf6
34. Rxh7 1-0

[Event "7. Abierto Int. Carlos I Silgar 2015"]
[Site "Sanxenxo ESP"]
[Date "2015.06.20"]
[Round "1.9"]
[White "Louzao Brea, Jose Luis"]
[Black "Abal Cores, Lucas"]
[Result "0-1"]
[WhiteElo "1872"]
[BlackElo "2373"]
[PlyCount "76"]
[EventDate "2015.06.20"]
[EventType "swiss"]
[EventRounds "9"]
[EventCountry "ESP"]
[SourceTitle "Ajedrez en Madrid"]
[Source "lmi"]
[SourceDate "2015.06.20"]

1. e4 c5 2. Nc3 Nc6 3. f4 g6 4. Nf3 Bg7 5. Be2 d6 6. O-O Nf6 7. a4 O-O 8. Qe1
d5 9. d3 Nb4 10. Bd1 e6 11. Kh1 b6 12. Qh4 dxe4 13. dxe4 Ba6 14. Re1 Ne8 15.
Qxd8 Rxd8 16. Nb5 Nd6 17. Bd2 Bxb2 18. Rb1 Bxb5 19. axb5 Bg7 20. Bxb4 cxb4 21.
e5 Nxb5 22. Rxb4 Nc3 23. Nd4 Nxd1 24. Rxd1 Rd7 25. Ra1 Rfd8 26. c3 Bf8 27. Rbb1
Rc8 28. Nb5 a5 29. g3 Rc5 30. Kg2 Rcd5 31. Nd4 Bc5 32. Kf3 Kf8 33. Ra4 Ke8 34.
Ke4 Kd8 35. h3 Kc7 36. Nb5+ Kb7 37. c4 Rd3 38. Nd6+ R7xd6 0-1

[Event "7. Abierto Int. Carlos I Silgar 2015"]
[Site "Sanxenxo ESP"]
[Date "2015.06.20"]
[Round "1.10"]
[White "Santos Ruiz, Miguel"]
[Black "Pelaez Murias, Eduardo"]
[Result "1-0"]
[WhiteElo "2329"]
[BlackElo "1862"]
[PlyCount "47"]
[EventDate "2015.06.20"]
[EventType "swiss"]
[EventRounds "9"]
[EventCountry "ESP"]
[SourceTitle "Ajedrez en Madrid"]
[Source "lmi"]
[SourceDate "2015.06.20"]

1. e4 e5 2. Nf3 Nc6 3. Bb5 a6 4. Ba4 Nf6 5. d3 b5 6. Bb3 Be7 7. a4 Rb8 8. axb5
axb5 9. Nc3 d6 10. h3 Be6 11. Bxe6 fxe6 12. Ne2 Ra8 13. Be3 O-O 14. O-O d5 15.
Ng3 dxe4 16. Ng5 Qd7 17. dxe4 Bd6 18. Qd3 h6 19. Nf3 Na5 20. Bd2 Nc4 21. Bc3
Qc6 22. b3 b4 23. Bxb4 Nb2 24. Qc3 1-0

[Event "7. Abierto Int. Carlos I Silgar 2015"]
[Site "Sanxenxo ESP"]
[Date "2015.06.21"]
[Round "2.1"]
[White "Arribas Lopez, Angel"]
[Black "Gomez Dominguez, Xabier"]
[Result "1-0"]
[WhiteElo "2537"]
[BlackElo "2102"]
[PlyCount "57"]
[EventDate "2015.06.20"]
[EventType "swiss"]
[EventRounds "9"]
[EventCountry "ESP"]
[SourceTitle "Ajedrez en Madrid"]
[Source "lmi"]
[SourceDate "2015.06.20"]

1. e4 c5 2. Nc3 g6 3. d4 cxd4 4. Qxd4 Nf6 5. Bb5 Bg7 6. e5 Ng8 7. Bf4 Nc6 8.
Qe3 Qa5 9. Nf3 h5 10. Nd2 Nh6 11. Nc4 Qd8 12. O-O-O Nf5 13. Qe4 O-O 14. h3 h4
15. g4 hxg3 16. fxg3 Na5 17. g4 Nh6 18. Nxa5 Qxa5 19. Bxd7 Bxd7 20. Rxd7 e6 21.
Rxb7 Rab8 22. Rxb8 Rxb8 23. Rd1 Rb4 24. Qe3 Kh7 25. Rd7 Rxf4 26. Qxf4 Bxe5 27.
Qc4 Qb6 28. Nd1 g5 29. Qe4+ 1-0

[Event "7. Abierto Int. Carlos I Silgar 2015"]
[Site "Sanxenxo ESP"]
[Date "2015.06.21"]
[Round "2.2"]
[White "Planas Gene, Juan"]
[Black "Strikovic, Aleksa"]
[Result "0-1"]
[WhiteElo "2083"]
[BlackElo "2506"]
[PlyCount "62"]
[EventDate "2015.06.20"]
[EventType "swiss"]
[EventRounds "9"]
[EventCountry "ESP"]
[SourceTitle "Ajedrez en Madrid"]
[Source "lmi"]
[SourceDate "2015.06.20"]

1. d4 f5 2. Nf3 Nf6 3. g3 g6 4. c4 Bg7 5. Bg2 O-O 6. O-O d6 7. b3 e5 8. dxe5
dxe5 9. Bb2 e4 10. Qxd8 Rxd8 11. Ne1 Nc6 12. Nc2 a5 13. Nba3 Nb4 14. Rfd1 Be6
15. Nd4 Bf7 16. Nab5 Ne8 17. c5 Rd5 18. f3 Rxc5 19. fxe4 Rxb5 20. Nxb5 Bxb2 21.
Rab1 Be5 22. a3 Nc2 23. Rd2 Ne3 24. exf5 c6 25. Nd4 gxf5 26. Nf3 Bd6 27. Bh3
Bd5 28. Kf2 Ng4+ 29. Bxg4 fxg4 30. Nd4 Bxa3 31. Nf5 Nf6 0-1

[Event "7. Abierto Int. Carlos I Silgar 2015"]
[Site "Sanxenxo ESP"]
[Date "2015.06.21"]
[Round "2.3"]
[White "Movsziszian, Karen"]
[Black "Vilarnovo Caamano, Jose"]
[Result "1-0"]
[WhiteElo "2483"]
[BlackElo "2068"]
[PlyCount "70"]
[EventDate "2015.06.20"]
[EventType "swiss"]
[EventRounds "9"]
[EventCountry "ESP"]
[SourceTitle "Ajedrez en Madrid"]
[Source "lmi"]
[SourceDate "2015.06.20"]

1. g3 f5 2. Bg2 Nf6 3. Nf3 e6 4. O-O Be7 5. c4 O-O 6. d3 d6 7. Nc3 e5 8. Rb1 a5
9. a3 Qe8 10. b4 axb4 11. axb4 Nc6 12. Qb3 Kh8 13. Bg5 Qh5 14. Bxf6 Bxf6 15. b5
Nd8 16. Nd5 Ne6 17. Qc2 g5 18. e3 Bg7 19. Nd2 f4 20. Qd1 g4 21. h3 Ng5 22. h4
f3 23. hxg5 fxg2 24. Kxg2 Qh3+ 25. Kg1 c6 26. bxc6 bxc6 27. Nb6 Rb8 28. Nxc8
Rbxc8 29. Qa4 Rf3 30. Ne4 d5 31. cxd5 cxd5 32. Qd7 dxe4 33. Qxc8+ Bf8 34. Rb2
exd3 35. Qe8 Rf5 1-0

[Event "7. Abierto Int. Carlos I Silgar 2015"]
[Site "Sanxenxo ESP"]
[Date "2015.06.21"]
[Round "2.4"]
[White "Rey Malde, Henrique"]
[Black "Hoffman, Alejandro"]
[Result "1/2-1/2"]
[WhiteElo "2063"]
[BlackElo "2456"]
[PlyCount "43"]
[EventDate "2015.06.20"]
[EventType "swiss"]
[EventRounds "9"]
[EventCountry "ESP"]
[SourceTitle "Ajedrez en Madrid"]
[Source "lmi"]
[SourceDate "2015.06.20"]

1. e4 c6 2. Nc3 d5 3. Nf3 g6 4. d4 Bg7 5. h3 Nh6 6. Bf4 f6 7. exd5 cxd5 8. Nb5
Na6 9. c4 g5 10. Bh2 Qa5+ 11. Nc3 O-O 12. cxd5 Bf5 13. Bc4 Rac8 14. Bb3 Nf7 15.
d6 exd6 16. O-O Kh8 17. a3 g4 18. Nh4 Nh6 19. Nxf5 Qxf5 20. Bc2 Qd7 21. Ba4 Qf5
22. Bc2 1/2-1/2

[Event "7. Abierto Int. Carlos I Silgar 2015"]
[Site "Sanxenxo ESP"]
[Date "2015.06.21"]
[Round "2.5"]
[White "Carril Garcia, Luis"]
[Black "Kantans, Toms"]
[Result "0-1"]
[WhiteElo "2046"]
[BlackElo "2451"]
[PlyCount "120"]
[EventDate "2015.06.20"]
[EventType "swiss"]
[EventRounds "9"]
[EventCountry "ESP"]
[SourceTitle "Ajedrez en Madrid"]
[Source "lmi"]
[SourceDate "2015.06.20"]

1. Nf3 Nc6 2. d4 d5 3. Bf4 Bg4 4. Nbd2 e6 5. e3 Bd6 6. Bg3 Nge7 7. c3 O-O 8.
Bd3 Nf5 9. Qc2 h6 10. Bxd6 Qxd6 11. h3 Bxf3 12. Nxf3 Nfe7 13. O-O-O e5 14. dxe5
Nxe5 15. Nxe5 Qxe5 16. g4 Rfd8 17. Rde1 c5 18. f4 Qd6 19. g5 hxg5 20. fxg5 Nc6
21. h4 d4 22. exd4 cxd4 23. g6 dxc3 24. gxf7+ Kf8 25. Re8+ Rxe8 26. fxe8=Q+
Rxe8 27. Rf1+ Kg8 28. Bc4+ Kh8 29. Qxc3 Ne5 30. Bb3 Ng4 31. Bc2 Nf6 32. h5 Qa6
33. Qd3 Qa5 34. h6 Re1+ 35. Rxe1 Qxe1+ 36. Bd1 gxh6 37. Qd8+ Kg7 38. Qc7+ Kg6
39. Qxb7 Qe3+ 40. Kb1 h5 41. Qg2+ Kh6 42. Qf1 Qd4 43. a3 h4 44. Bc2 Qe5 45. Qd3
Kg5 46. Qg6+ Kf4 47. Qg1 Ng4 48. Qf1+ Kg5 49. Qg2 Qe1+ 50. Ka2 Kf4 51. Qd5 h3
52. Qd6+ Qe5 53. Qd2+ Kg3 54. Qd3+ Qe3 55. Qd6+ Ne5 56. Qf6 h2 57. Qg7+ Ng4 58.
Qb7 Nf2 59. Qc7+ Kg2 60. Qb7+ Kg1 0-1

[Event "7. Abierto Int. Carlos I Silgar 2015"]
[Site "Sanxenxo ESP"]
[Date "2015.06.21"]
[Round "2.6"]
[White "Suarez Gomez, Julio"]
[Black "Sakulski, Bernard"]
[Result "1-0"]
[WhiteElo "2400"]
[BlackElo "2047"]
[PlyCount "55"]
[EventDate "2015.06.20"]
[EventType "swiss"]
[EventRounds "9"]
[EventCountry "ESP"]
[SourceTitle "Ajedrez en Madrid"]
[Source "lmi"]
[SourceDate "2015.06.20"]

1. e4 d5 2. exd5 Qxd5 3. Nc3 Qa5 4. Bc4 c6 5. d3 Nf6 6. Bd2 Qb6 7. Bb3 Na6 8.
Nf3 Bf5 9. Ne5 e6 10. g4 Qd4 11. f4 Bg6 12. Qe2 O-O-O 13. h4 h5 14. g5 Nd7 15.
Bxe6 Bd6 16. Bxd7+ Rxd7 17. Nxd7 Kxd7 18. O-O-O Re8 19. Qf3 Bf5 20. Qxh5 g6 21.
Qf3 Nb4 22. a3 Na6 23. Ne4 Rxe4 24. dxe4 Bxe4 25. Qh3+ Bf5 26. Qb3 Nc5 27.
Qxf7+ Kc8 28. Qe8+ 1-0

[Event "7. Abierto Int. Carlos I Silgar 2015"]
[Site "Sanxenxo ESP"]
[Date "2015.06.21"]
[Round "2.7"]
[White "Abal Cores, Lucas"]
[Black "Yebra-Pimentel Brea, Carlos"]
[Result "1-0"]
[WhiteElo "2373"]
[BlackElo "2026"]
[PlyCount "85"]
[EventDate "2015.06.20"]
[EventType "swiss"]
[EventRounds "9"]
[EventCountry "ESP"]
[SourceTitle "Ajedrez en Madrid"]
[Source "lmi"]
[SourceDate "2015.06.20"]

1. e4 c5 2. Nf3 e6 3. c3 d5 4. exd5 Qxd5 5. d4 Nf6 6. Be3 cxd4 7. cxd4 Bb4+ 8.
Nc3 Bd7 9. Bd3 Bb5 10. O-O Bxc3 11. bxc3 O-O 12. Bxb5 Qxb5 13. Qb3 Qd7 14. Ne5
Qe7 15. Rab1 b6 16. Bg5 Nbd7 17. f4 Qd6 18. Rbe1 Rac8 19. Rf3 Nd5 20. c4 Nxe5
21. fxe5 Qb4 22. Rc1 Qxb3 23. axb3 h6 24. Bd2 Ne7 25. g4 Rfd8 26. Be3 Nc6 27.
Rf4 g5 28. Re4 Na5 29. Rb1 Rd7 30. h4 Rcd8 31. hxg5 hxg5 32. Kg2 Kg7 33. Kf3
Kg6 34. Ke2 Nc6 35. Kd3 b5 36. Kc3 a5 37. Rh1 Nb4 38. Rh5 Rc8 39. Rxg5+ Kh7 40.
Bd2 bxc4 41. Re1 Nd5+ 42. Kb2 c3+ 43. Ka1 1-0

[Event "7. Abierto Int. Carlos I Silgar 2015"]
[Site "Sanxenxo ESP"]
[Date "2015.06.21"]
[Round "2.8"]
[White "Bayon Rolo, Juan Andres"]
[Black "Santos Ruiz, Miguel"]
[Result "0-1"]
[WhiteElo "2032"]
[BlackElo "2329"]
[PlyCount "48"]
[EventDate "2015.06.20"]
[EventType "swiss"]
[EventRounds "9"]
[EventCountry "ESP"]
[SourceTitle "Ajedrez en Madrid"]
[Source "lmi"]
[SourceDate "2015.06.20"]

1. e4 c5 2. c3 g6 3. Nf3 Bg7 4. d4 cxd4 5. cxd4 d5 6. exd5 Nf6 7. Nc3 Nxd5 8.
Bc4 Nxc3 9. bxc3 Qc7 10. Qb3 O-O 11. Ne5 Bxe5 12. dxe5 Nc6 13. Be2 Be6 14. Qb2
Nxe5 15. O-O Rfc8 16. Be3 b6 17. Rac1 Bc4 18. Qc2 Bxe2 19. Qxe2 Qc4 20. Qc2 Ng4
21. Bd2 Rd8 22. Rfd1 Qc7 23. g3 Qc6 24. Re1 Qf6 0-1

[Event "7. Abierto Int. Carlos I Silgar 2015"]
[Site "Sanxenxo ESP"]
[Date "2015.06.21"]
[Round "2.9"]
[White "Alvarez Fernandez, Enrique"]
[Black "Adams, Philip"]
[Result "1-0"]
[WhiteElo "2314"]
[BlackElo "2018"]
[PlyCount "175"]
[EventDate "2015.06.20"]
[EventType "swiss"]
[EventRounds "9"]
[EventCountry "ESP"]
[SourceTitle "Ajedrez en Madrid"]
[Source "lmi"]
[SourceDate "2015.06.20"]

1. d4 Nf6 2. Bg5 d5 3. Bxf6 exf6 4. e3 Bd6 5. g3 c6 6. Nd2 O-O 7. Bg2 f5 8. Ne2
Nd7 9. c4 Nf6 10. Qb3 dxc4 11. Nxc4 Be6 12. Qd3 Bb4+ 13. Nc3 Re8 14. O-O g6 15.
a3 Bf8 16. b4 Bxc4 17. Qxc4 a6 18. Rfd1 Rc8 19. Rac1 h5 20. Ne2 Bh6 21. Nf4
Bxf4 22. gxf4 Qd7 23. a4 Red8 24. Rc2 Nd5 25. Rdc1 Ra8 26. Rb1 Qe6 27. Qb3 Rd6
28. Rc5 Rad8 29. Rcc1 Kg7 30. Qd3 Qe7 31. Rc5 Nc7 32. Qe2 Nd5 33. Qf3 Qe6 34.
Bf1 Qe7 35. b5 cxb5 36. axb5 a5 37. b6 Qe4 38. Qxe4 fxe4 39. Rxa5 Nxb6 40. Rab5
Nd5 41. Rxb7 R8d7 42. Bc4 Nf6 43. Kg2 Kf8 44. Kg3 Ke7 45. Rxd7+ Rxd7 46. Ba6
Nh7 47. Rb6 Nf8 48. Bb7 f5 49. Kh4 Kf7 50. Bc6 Ra7 51. Bd5+ Kg7 52. Kg3 Nd7 53.
Rb7 Rxb7 54. Bxb7 Nf6 55. f3 exf3 56. Kxf3 Kf7 57. e4 fxe4+ 58. Bxe4 Ne8 59.
Ke3 Nd6 60. h4 Kf6 61. d5 Nb5 62. Kd3 Kf7 63. Kc4 Nd6+ 64. Kd4 Kf6 65. Bd3 Nb7
66. Bc2 Nd6 67. Kc5 Ne8 68. Kc6 Ng7 69. Kd7 Kf7 70. Bd3 Kf6 71. Kc7 Ne8+ 72.
Kc6 Ng7 73. Be4 Kf7 74. Kd6 Ne8+ 75. Kc5 Nf6 76. Bf3 Nd7+ 77. Kd6 Nf6 78. Kc7
Ne8+ 79. Kc6 Nf6 80. Bg2 Ke7 81. d6+ Kd8 82. Kc5 Kd7 83. Bh3+ Kd8 84. Kd4 Ke8
85. Ke5 Ng4+ 86. Ke6 Kd8 87. Bg2 Ne3 88. Be4 1-0

[Event "7. Abierto Int. Carlos I Silgar 2015"]
[Site "Sanxenxo ESP"]
[Date "2015.06.21"]
[Round "2.10"]
[White "Lux, Hugo De Melo"]
[Black "Medarde Santiago, Luis Marcos"]
[Result "0-1"]
[WhiteElo "2016"]
[BlackElo "2273"]
[PlyCount "138"]
[EventDate "2015.06.20"]
[EventType "swiss"]
[EventRounds "9"]
[EventCountry "ESP"]
[SourceTitle "Ajedrez en Madrid"]
[Source "lmi"]
[SourceDate "2015.06.20"]

1. e4 c5 2. Nf3 g6 3. d4 cxd4 4. Qxd4 Nf6 5. c4 Nc6 6. Qd3 Bg7 7. Nc3 O-O 8.
Be2 d6 9. O-O Nd7 10. Be3 Nc5 11. Qc2 Bxc3 12. bxc3 Qa5 13. Nd4 Qa4 14. Qxa4
Nxa4 15. Rac1 Bd7 16. Nb3 b6 17. Rfd1 Rfd8 18. f4 Rac8 19. Rc2 Nc5 20. Nxc5
dxc5 21. Rcd2 Be6 22. Rxd8+ Rxd8 23. Rxd8+ Nxd8 24. g4 f5 25. gxf5 gxf5 26. e5
Nc6 27. Bf3 Nd8 28. Bd5 Kf8 29. Kf2 Bd7 30. Ke2 e6 31. Bf3 Bc6 32. Bxc6 Nxc6
33. Bf2 Na5 34. Kd3 Ke7 35. Be3 Kd7 36. Bf2 Kc6 37. a4 a6 38. Bh4 b5 39. axb5+
axb5 40. cxb5+ Kxb5 41. Bd8 c4+ 42. Ke3 Nc6 43. Bh4 Kc5 44. Kd2 Kd5 45. Ke3 Na7
46. Be7 Nb5 47. Bb4 Kc6 48. Ba5 Kb7 49. Bb4 Kb6 50. Kd2 Nc7 51. Be7 Nd5 52. Bg5
Kb5 53. h4 Ka4 54. Kc2 Ka3 55. h5 Ka2 56. Bh6 Ne3+ 57. Kd2 Ng4 58. Bf8 Kb3 59.
Bc5 Nh2 60. Bb4 Nf1+ 61. Ke2 Ng3+ 62. Ke3 Nxh5 63. Kf3 Ng7 64. Kg3 Ne8 65. Ba5
Kc2 66. Kf3 Kd3 67. Kg3 Ke4 68. Bb6 Ng7 69. Bc7 Nh5+ 0-1

[Event "7. Abierto Int. Carlos I Silgar 2015"]
[Site "Sanxenxo ESP"]
[Date "2015.06.22"]
[Round "3.1"]
[White "Medarde Santiago, Luis Marcos"]
[Black "Arribas Lopez, Angel"]
[Result "0-1"]
[WhiteElo "2273"]
[BlackElo "2537"]
[PlyCount "86"]
[EventDate "2015.06.20"]
[EventType "swiss"]
[EventRounds "9"]
[EventCountry "ESP"]
[SourceTitle "Ajedrez en Madrid"]
[Source "lmi"]
[SourceDate "2015.06.20"]

1. e4 c5 2. Nc3 g6 3. Nf3 Bg7 4. d4 cxd4 5. Nxd4 Nc6 6. Be3 Nf6 7. Bc4 O-O 8.
Bb3 Ng4 9. Qxg4 Nxd4 10. Qd1 Nc6 11. Qd2 d6 12. Bh6 Be6 13. h4 Bxb3 14. axb3
Bxh6 15. Qxh6 e6 16. O-O-O Ne5 17. Kb1 Rc8 18. Qd2 Rc6 19. f4 Ng4 20. h5 Qa5
21. Rh4 Ra6 22. Kc1 Nf6 23. f5 exf5 24. exf5 Qxf5 25. hxg6 fxg6 26. Ra4 Rxa4
27. bxa4 Rd8 28. Qd4 a6 29. Rd2 Kg7 30. Qe3 Re8 31. Qb6 Re1+ 32. Nd1 Ne4 33.
Qxb7+ Kh6 34. Rd3 Nc5 35. Qb4 Nxd3+ 36. cxd3 Qc5+ 37. Qxc5 dxc5 38. Kd2 Re8 39.
Nf2 Kg5 40. Ne4+ Kf4 41. Nf6 Re6 42. Nxh7 Kf5 43. Kc3 g5 0-1

[Event "7. Abierto Int. Carlos I Silgar 2015"]
[Site "Sanxenxo ESP"]
[Date "2015.06.22"]
[Round "3.2"]
[White "Strikovic, Aleksa"]
[Black "Iwanow, Anna"]
[Result "1-0"]
[WhiteElo "2506"]
[BlackElo "2251"]
[PlyCount "43"]
[EventDate "2015.06.20"]
[EventType "swiss"]
[EventRounds "9"]
[EventCountry "ESP"]
[SourceTitle "Ajedrez en Madrid"]
[Source "lmi"]
[SourceDate "2015.06.20"]

1. c4 e5 2. Nc3 Nf6 3. Nf3 Nc6 4. e3 Bb4 5. Qc2 d6 6. a3 Bxc3 7. Qxc3 a5 8. b3
O-O 9. Bb2 Qe7 10. Be2 Bd7 11. d3 Rae8 12. b4 b6 13. O-O Ng4 14. h3 f5 15. hxg4
fxg4 16. Nh2 Qh4 17. Qe1 Rf6 18. g3 Qh3 19. f3 gxf3 20. Bxf3 Rg6 21. Bd5+ Kh8
22. Rf3 1-0